000
00327nam a22001337a 4500
008
181009b xxu||||| |||| 00| 0 eng d
020
_a
0471097160
041
_a
eng
080
_2
3rd
_a
311
100
_a
55
101
_a
STA
245
_a
Introductory Statistics for Business and Economics
_c
Wonnacott,Th.H
942
_2
udc
_c
BK
999
_c
49161
_d
49161